International Business Competing the Global Marketplace (Record no. 2418)

MARC details
000 -LEADER
fixed length control field 00484nam a22001697a 4500
005 - DATE AND TIME OF LATEST TRANSACTION
control field 20180326123214.0
008 - FIXED-LENGTH DATA ELEMENTS--GENERAL INFORMATION
fixed length control field 160611b xxu||||| |||| 00| 0 eng d
020 ## - INTERNATIONAL STANDARD BOOK NUMBER
ISBN 978-0-07-022179-6
041 ## - LANGUAGE CODE
Language code of text/sound track or separate title eng
082 ## - DEWEY DECIMAL CLASSIFICATION NUMBER
Item number 6949
Classification number 338.88
100 ## - MAIN ENTRY--AUTHOR NAME
Personal name Hill, Charls W.L., Jain, Arun K
245 ## - TITLE STATEMENT
Title International Business Competing the Global Marketplace
260 ## - PUBLICATION, DISTRIBUTION, ETC. (IMPRINT)
Place of publication NEW DELHI
Name of publisher TATA MCGRAW HILL PUBLISHING COMPANY LTD.
300 ## - PHYSICAL DESCRIPTION
Number of Pages 903
650 ## - SUBJECT ADDED ENTRY--TOPICAL TERM
Topical Term Management
942 ## - ADDED ENTRY ELEMENTS (KOHA)
Koha item type Books
Holdings
Lost status Damaged status Collection code Home library Current library Shelving location Date acquired Cost, normal purchase price Full call number Accession Number Koha item type
    MANAGEMENT JRU Library JRU Library SHELF-61-D 11/06/2016 475.00 338.88 6949 Books
      JRU Library   SHELF-29-E 11/06/2016 475.00 338.88 6950 Books
    MANAGEMENT JRU Library JRU Library SHELF-61-D 11/06/2016 475.00 338.88 6951 Books
    MANAGEMENT JRU Library JRU Library SHELF-61-D 11/06/2016 475.00 338.88 6952 Books